000 01191nam2a2200325 4500
001 RU\NLR\bibl\159403
005 20250618053144.0
010 _a5-8114-0095-0
_910000
021 _aRU
_b2000-45039
_92076
035 _a(NLR Aleph) 000156353
090 _a898458
_c898458
100 _a20010320d2000 |||y0rusy50 ca
101 1 _arus
_cfre
102 _aRU
105 _aa |||||||||
200 0 _aТ. 4
_f[Пер. Л.М. Цывьяна]
210 _d2000
_aБ. м.
215 _a476, [1] с.
_cил.
461 0 _1001RU\NLR\bibl\159571
_12001#$aКурс французского языка$vТ. 4
_9899465
_aМоже, Г.
_cСПб.
_d2000
_e[Русифицир. изд.]
_fГастон Може
_nЛань
_o[Пер. с фр.] : В 4 т.
_tКурс французского языка
_y5-8114-0081-0
_vТ. 4
610 0 _aФранцузский язык
610 0 _aСтрановедение - Хрестоматии (т. 4)
675 _a811.133.1(075.8)
_v3
_zrus
686 _a16.41
_2rugasnti
686 _a81.2Фр-923
_2rubbk
801 0 _aRU
_bRKP
_c20010320
_gPSBO
801 1 _aRU
_bRKP
_c20010320
801 2 _aRU
_bNLR
_c20010705
_grcr
942 _cBOOK
980 _aNB